000
00265nam a2200097 a 4500
005
20200930065725.0
008
110719s1902 000 spa d
245
0
_a
Tratado de reciprocidad con Estados Unidos.
260
_a
[Santo Domingo],
_c
[1902?].
999
_c
32082
_d
32082
040
_a
DO-SdBNP